School education of Roma socially disadvantaged pupils in the Czech Republic : basic description of the current situation /

Hlavní autor: Kaleja, Martin, 1981-
Korporativní autor: Ostravská univerzita. Pedagogická fakulta
Další autoři: Zezulková, Eva, 1958-
Jazyk: Angličtina
Vydáno: Ostrava : University of Ostrava, Faculty of Education, 2014
Témata:
Fyzický popis: 100 s. ; 24 cm
Knihy
Uloženo v:
LEADER 01844nam a2200481 a 4500
001 nkc20142623678
003 CZ PrNK
005 20141201115228.0
007 ta
008 140910s2014 xr f 000 0 eng
015 |a cnb002623678 
020 |a 978-80-7464-629-4  |q (brož.) 
035 |a (OCoLC)897869213 
040 |a OLA001  |b cze 
043 |a e-xr--- 
072 7 |a 37  |x Výchova a vzdělávání  |2 Konspekt  |9 22 
080 |a 37.043.2  |2 MRF 
080 |a 37.04  |2 MRF 
080 |a (=214.58)-053.2  |2 MRF 
080 |a (437.3)  |2 MRF 
080 |a (048.8)  |2 MRF 
100 1 |a Kaleja, Martin,  |d 1981-  |7 osd2009549376  |4 aut 
245 1 0 |a School education of Roma socially disadvantaged pupils in the Czech Republic :  |b basic description of the current situation /  |c Martin Kaleja, Eva Zezulková 
260 |a Ostrava :  |b University of Ostrava, Faculty of Education,  |c 2014 
300 |a 100 s. ;  |c 24 cm 
500 |a 200 výt. 
504 |a Obsahuje bibliografii a bibliografické odkazy 
650 0 7 |a integrovaná výchova a vzdělávání  |7 ph121132  |z Česko  |2 czenas 
650 0 7 |a speciální vzdělávací potřeby  |7 ph754025  |z Česko  |2 czenas 
650 0 7 |a romské děti  |7 ph125208  |z Česko  |2 czenas 
650 0 9 |a integrated education  |z Czechia  |2 eczenas 
650 0 9 |a special educational needs  |z Czechia  |2 eczenas 
650 0 9 |a Romani children  |z Czechia  |2 eczenas 
655 7 |a monografie  |7 fd132842  |2 czenas 
655 9 |a monographs  |2 eczenas 
700 1 |a Zezulková, Eva,  |d 1958-  |7 mzk2005269825  |4 aut 
710 2 |a Ostravská univerzita.  |b Pedagogická fakulta  |7 kn20010709315 
910 2 |a BOA001  |b 2-1335.290 
928 9 |a Ostravská univerzita, Pedagogická fakulta 
990 |a BK 
995 |a 01 
991 |b 201412  |c NOV  |e n 
996 6 |b 2610611797  |c 2-1335.290  |l MZK  |r Sklad / do 1 hodiny  |n 2  |p p.v.  |w 001471329  |u 000010  |a 1  |e BOA001  |j MZK50  |s P